Statistics for Xxxtentacion songs

Click here to take the quiz!

General Stats

  • This quiz has been taken 435 times
  • The average score is 4 of 15

Answer Stats

Only real fans can do this % Correct
2sad
90%
6look at me
69%
4moonlight
63%
10revenge
28%
8everybody dies in their nightmares
23%
1riot
21%
13numb
18%
11carry on
16%
7the remedy for a broken heart
15%
12save me
14%
9i don't wanna do this anymore
11%
5falling down
10%
15king of the dead
9%
3skin
5%
14never
3%

Score Distribution

Percentile by Number Answered

Percent of People with Each Score

Your Score History

You have not taken this quiz